Bravo - The Hits 2003 - Statistiken

Allgemein
  • Dieses Quiz wurde 104 mal gespielt
  • Das Durchschnittsergebnis liegt bei 11 aus 40
Antwortstatistiken
Song Interpret % Korrekt
Ich Kenne Nichts RZA Feat. Xavier Naidoo
73%
White Flag Dido
67%
Crazy In Love Beyoncé Feat. Jay-Z
66%
No Angel No Angels
57%
Anyplace, Anywhere, Anytime Nena & Kim Wilde
53%
We Have A Dream DSDS-Allstars
52%
Get Busy Sean Paul
50%
Für Dich Yvonne Catterfeld
49%
In The Shadows The Rasmus
47%
Beautiful Christina Aguilera
44%
Family Portrait P!nk
42%
Ab In Den Süden Buddy Vs. DJ The Wave
35%
Rock Your Body Justin Timberlake
35%
Rockin' On Heaven's Floor Jeanette
34%
Angel Of Berlin Martin Kesici
32%
Ich Bin Jung Und Brauche Das Geld Eko Fresh
30%
Free Like The Wind Alexander Klaws
28%
Music Is The Key Sarah Connor Feat. Naturally 7
28%
Aicha Outlandish
26%
Love's Divine Seal
26%
Wonderful Dream Melanie Thornton
25%
Hollywood Madonna
22%
TV Makes The Superstar Modern Talking
22%
I'm With You Avril Lavigne
20%
21 Questions 50 Cent
19%
Business Eminem
18%
Gustav Ganz Beginner
17%
Never Leave You Lumidee
17%
Anyone Of Us Gareth Gates
14%
5 Days Patrick Nuo
14%
Ganxtaville Pt. III DJ Tomekk feat. Kurupt, Tatwaffe und G-Style
11%
The Reign Ja Rule
10%
Rock With U Ashanti
9%
Zur Erinnerung Ferris MC
8%
Breath Blu Cantrell Feat. Sean Paul
7%
Nothing But You Paul van Dyk
5%
All About Lovin' You Bon Jovi
3%
Send Your Love Sting
3%
Wiser Frameless
2%
Hey Whatever Westlife
2%
Keine übereinstimmenden Quizze gefunden
Verteilung der Resultate
Anzahl Personen mit jedem Resultat
Perzentil nach korrekt beantworteten Fragen
Ihre Resultats-Entwicklung
Sie haben dieses Quiz noch nicht gespielt